6. vedecká konferencia venovaná pamiatke Prof. emeritus MUDr. Rudolf Korec, DrSc : abstrakta : 20. marca 2009 : Na Zámku v Topoľčiankách

Bibliographic Details
Corporate Author: Vedecká konferencia Topoľčianky, Slovensko
Format: Conference Proceeding Book
Language:Slovak
Czech
PhysicalDescription:[18] s. tab. 21 cm
Published: Nemšová Jozef Kubaščík - Tlačiareň J+K 2009
ISBN:9788096985326 (brož.)
Edition:[1. vyd.]
Subjects:

MARC

LEADER 00000nam a2200000 a 4500
001 vtls009523746
003 SK-MaSNL
005 20260301171318.0
008 160114s2009 xo l f a 100 0 slo
015 |a SNBA2009/06-02750 
020 |a 9788096985326 (brož.) 
035 |a F6EBB899-A28A-4A99-9AFC-0931DCFF81C1 
035 |a urn:nbn:sk:snk-amk3xz 
035 |a urn:nbn:sk:snk-am003xgb 
040 |a SNK  |b slo  |c SNK  |e AACR2 
041 0 |a slo  |a cze 
044 |a xo  |c SK 
072 7 |a 616  |x Patológia. Klinická medicína  |2 konspekt 
080 |a 616.379-008.64  |2 2001 
080 |a (048.3)  |2 2001 
080 |a (062.534)  |2 2001 
080 |a 616-08  |2 2001 
080 |a 616-07  |2 2001 
111 2 |a Vedecká konferencia  |n (6. :  |d 2009 :  |c Topoľčianky, Slovensko)  |9 538797 
245 1 0 |a 6. vedecká konferencia  |b venovaná pamiatke Prof. emeritus MUDr. Rudolf Korec, DrSc : abstrakta : 20. marca 2009 : Na Zámku v Topoľčiankách 
246 3 |a Šiesta vedecká konferencia 
246 1 1 |a 6th Scientific Conference 
250 |a [1. vyd.] 
260 |a Nemšová  |b Jozef Kubaščík - Tlačiareň J+K  |c 2009 
300 |a [18] s.  |b tab.  |c 21 cm 
366 |e 300 výt. 
546 |a Čiast. text čes. 
650 0 7 |a diabetes mellitus  |2 SNKPH  |9 72741 
650 0 7 |a diabetológia  |2 SNKPH  |9 31519 
650 0 7 |a terapia  |2 SNKPH  |9 781 
650 0 7 |a diagnostika (medicína)  |2 SNKPH  |9 28740 
655 7 |a abstrakty  |2 SNKPH  |9 22516 
655 7 |a zborníky konferencií  |2 SNKPH  |9 70153 
919 |a 978-80-969853-2-6 
958 |a OND 
958 |a MI 
968 |d 61 
999 |c 830458  |d 832388 
952 |a SNK  |b SNK  |y PREZ  |7 0  |p 17A0623144  |o snkSC 135997  |i snk2009/10388  |8 0  |0 0  |1 0  |4 0  |d 2009-06-09  |f 1  |l 0  |r 2025-07-02 00:00:00  |w 2026-02-24 
952 |a SNK  |b SNK  |y VYP  |7 0  |p 17A0690005  |o snkSC 135997 D1  |i snk2009/10389  |8 0  |0 0  |1 0  |4 0  |d 2009-06-09  |l 0  |r 2026-02-24 03:36:12  |w 2026-02-24